000 00637nam a2200229Ia 4500
003 GCL
008 140319s9999 xx 000 0 ara d
040 _aGCL /
_cGCL
082 0 4 _a810.9
_bى ت
100 1 _aيوسف عزالدين
245 1 0 _aتراثنا والمعاصرة /
_cيوسف عزالدين
260 _a[S.N] :
_bدار الابداع الحديث ،
_c1987
300 _a203 ص
490 _a
650 0 4 _aالادب العربى
650 0 4 _aالنحو
650 0 4 _aالتراث
650 0 4 _aالادب
650 0 4 _aالحضارة الغربية
650 0 4 _aتاريخ ونقد
942 _2ddc
_cBK
999 _c27835
_d27835